Players to Score 50+ League Goals in the 2000s - Statistics

General Stats
  • This quiz has been taken 214 times
    161 since last reset
  • The average score is 58 of 149
Answer Stats
# G Club(s) Country Player % Correct
2 170 Mallorca (54), FC Barcelona (108) & Inter Milan (8) Samuel Eto'o
100%
1 202 Arsenal (169) & FC Barcelona (33) Thierry Henry
100%
11 126 AC Milan (117) & Chelsea (9) Andriy Shevchenko
94%
4 147 AS Roma (147) Francesco Totti
94%
6 141 Manchester United (95) & Real Madrid (46) Ruud van Nistelrooy
94%
39 91 Manchester United (84) & Real Madrid (7) Cristiano Ronaldo
93%
32 99 Inter Milan (7), Real Madrid (83) & AC Milan (9) Ronaldo
93%
11 126 Atlético Madrid (76) & Liverpool (50) Fernando Torres
91%
7 133 Real Madrid (133) Raúl
91%
14 118 Manchester United (10), Villarreal (54) & Atlético Madrid (54) Diego Forlán
90%
26 108 EA Guingamp (20), Olympique Marseille (19) & Chelsea (69) Didier Drogba
88%
18 116 Juventus (116) Alessandro Del Piero
87%
22 111 Bayer 04 Leverkusen (69), Tottenham Hotspur (27) & Manchester United (15) Dimitar Berbatov
83%
29 100 West Ham United (11) & Chelsea (89) Frank Lampard
83%
39 91 Juventus (23), Inter Milan (57) & FC Barcelona (11) Zlatan Ibrahimović
83%
7 133 AS Monaco (10) & Juventus (123) David Trézéguet
82%
20 115 Liverpool (74), Real Madrid (13), Newcastle United (26) & Manchester United (2) Michael Owen
82%
21 112 Coventry City (4), Leeds United (12), Tottenham Hotspur (91) & Liverpool (5) Robbie Keane
82%
35 94 Everton (15) & Manchester United (79) Wayne Rooney
82%
10 129 Vicenza (9), Brescia (15), Palermo (20), ACF Fiorentina (47) & Bayern Munich (38) Luca Toni
80%
34 98 Paris Saint-Germain (17), FC Barcelona (70) & AC Milan (11) Ronaldinho
80%
14 118 Werder Bremen (45), Bayern Munich (71) & Chelsea (2) Claudio Pizarro
79%
22 111 Parma (11), SS Lazio (39), Inter Milan (27), Chelsea (20), AC Milan (10) & Genoa (4) Hernán Crespo
77%
99 63 FC Barcelona (63) Lionel Messi
77%
16 117 1. FC Kaiserslautern (44), Werder Bremen (53) & Bayern Munich (20) Miroslav Klose
76%
44 88 Juventus (19) & AC Milan (69) Filippo Inzaghi
74%
71 73 AC Milan (70) & Real Madrid (3) Kaká
74%
29 100 Real Madrid (2), Paris Saint-Germain (10), Liverpool (4), Manchester City (38), Bolton Wanderers (21) & Chelsea (25) Nicolas Anelka
74%
9 130 Zaragoza (32) & Valencia (98) David Villa
73%
38 93 Newcastle United (93) Alan Shearer
72%
63 75 Liverpool (75) Steven Gerrard
72%
76 72 FC Metz (2), AS Monaco (18), Arsenal (46) & Manchester City (6) Emmanuel Adebayor
71%
80 71 VfB Stuttgart (63) & Bayern Munich (8) Mario Gómez
70%
45 86 Bayer 04 Leverkusen (27), Bayern Munich (44) & Chelsea (15) Michael Ballack
69%
3 148 Deportivo La Coruña (70) & Bayern Munich (78) Roy Makaay
69%
47 85 Zaragoza (51), Genoa (24) & Inter Milan (10) Diego Milito
68%
16 117 AJ Auxerre (70), Liverpool (13), Olympique Marseille (24) & Sunderland (10) Djibril Cissé
67%
148 50 FC Barcelona (5), Real Madrid (36) & Inter Milan (9) Luis Figo
67%
35 94 West Ham United (18), Tottenham Hotspur (60) & Portsmouth (16) Jermain Defoe
65%
47 85 Empoli (18) & Udinese (67) Antonio Di Natale
64%
25 109 Inter Milan (95), AC Milan (1), AS Monaco (3), Atalanta (4) & ACF Fiorentina (6) Christian Vieri
64%
127 54 Aston Villa (6), Southampton (12), Liverpool (22), Portsmouth (10) & Tottenham Hotspur (4) Peter Crouch
64%
71 73 Real Madrid (35), AS Monaco (10), Liverpool (8), Valencia (19) & Olympique Marseille (1) Fernando Morientes
62%
55 81 FC Barcelona (70), Newcastle United (6), Valencia (1) & Lille OSC (4) Patrick Kluivert
62%
145 51 Manchester United (51) Ole Gunnar Solskjær
61%
28 102 Atlético Madrid (9), Chelsea (69), Middlesbrough (22) & Charlton Athletic (2) Jimmy Floyd Hasselbaink
58%
5 142 Deportivo La Coruña (1), FC Girondins de Bordeaux (65) & Paris Saint-Germain (76) Pauleta
58%
96 64 Manchester United (64) Paul Scholes
58%
127 54 SS Lazio (14) & Juventus (40) Pavel Nedved
57%
51 84 Hellas Verona (16), Parma (8), Chelsea (6), Juventus (7) & ACF Fiorentina (47) Adrian Mutu
54%
82 70 Manchester United (19), Blackburn Rovers (27), Fulham (12), Manchester City (9) & Portsmouth (3) Andy Cole
54%
62 76 Olympique Marseille (1), Arsenal (63) & Villarreal (12) Robert Pirès
54%
39 91 Leeds United (59), Middlesbrough (26) & Newcastle United (6) Mark Viduka
50%
137 52 Bayern Munich (27), Blackburn Rovers (23) & Manchester City (2) Roque Santa Cruz
50%
63 75 Olympique Lyonnais (75) Juninho
49%
96 64 Chelsea (54) & FC Barcelona (10) Eidur Gudjohnsen
45%
24 110 Olympique Lyonnais (1), West Ham United (29), Tottenham Hotspur (15) & Sevilla (65) Frédéric Kanouté
44%
76 72 FC Metz (2), Fulham (26), Manchester United (28) & Everton (16) Louis Saha
44%
115 58 Manchester United (19), Tottenham Hotspur (22), Portsmouth (9) & West Ham United (8) Teddy Sheringham
44%
86 69 FC Barcelona (49), AS Monaco (7), Sevilla (9) & Real Madrid (4) Javier Saviola
43%
134 53 Liverpool (11), Leeds United (14) & Manchester City (20) Robbie Fowler
43%
61 77 Inter Milan (48), ACF Fiorentina (6) & Parma (23) Adriano
42%
13 120 Piacenza (3), Hellas Verona (5), Parma (50), AC Milan (36) & ACF Fiorentina (26) Alberto Gilardino
42%
76 72 Bayern Munich (61) & Olympique Lyonnais (11) Giovane Elber
42%
69 74 Bari (5), AS Roma (39), Real Madrid (2) & UC Sampdoria (28) Antonio Cassano
40%
145 51 EA Guingamp (15), Olympique Lyonnais (25) & Chelsea (11) Florent Malouda
40%
102 61 Inter Milan (28), Newcastle United (28) & VfL Wolfsburg (5) Obafemi Martins
40%
63 75 Leicester City (2), Liverpool (39), Birmingham City (14), Wigan Atheltic (16) & Aston Villa (4) Emile Heskey
39%
102 61 Le Mans (17) & VfL Wolfsburg (44) Grafite
39%
71 73 Borussia Dortmund (59), AS Monaco (12) & 1. FC Nuremberg (2) Jan Koller
39%
82 70 Coventry City (6), Newcastle United (29), Blackburn Rovers (13), Liverpool (7), West Ham United (7) & Manchester City Craig Bellamy
36%
80 71 Sunderland (43), Southampton (23), Aston Villa (4) & Birmingham City (1) Kevin Phillips
36%
99 63 Ipswich Town (1), Charlton Athletic (31), Tottenham Hotspur (18) & Sunderland (13) Darren Bent
35%
91 66 Valencia (20), AS Roma (6), Olympique Lyonnais (9) & Aston Villa (31) John Carew
34%
71 73 Portsmouth (29), Middlesbrough (24) & Everton (20) Yakubu Aiyegbeni
34%
76 72 AS Monaco (35), FC Barcelona (19), AS Roma (6) & Paris Saint-Germain (12) Ludovic Giuly
32%
53 82 Stade Rennais (48) & Borussia Dortmund (34) Alex Frei
31%
110 60 FC Girondins de Bordeaux (3), Arsenal (30), Olympique Lyonnais (20), Stade Rennais (6) & Olympique Marseille (1) Sylvain Wiltord
31%
58 79 Bologna FC (17), Inter Milan (59) & SS Lazio (3) Julio Cruz
29%
127 54 1. FC Nuremberg (13) & Bayer 04 Leverkusen (41) Stefan Kießling
28%
102 61 Sevilla (38), Real Madrid (11), Arsenal (3) & AS Roma (9) Júlio Baptista
27%
55 81 Udinese (58) & Juventus (23) Vincenzo Iaquinta
26%
126 55 Sevilla (55) Luís Fabiano
25%
102 61 Murcia (11), Mallorca (11) & Espanyol (39) Luis García
24%
27 106 Parma (38), Juventus (18), Valencia (11), AS Monaco (8), Genoa (3) & Bologna FC (28) Marco Di Vaio
24%
137 52 FC Girondins de Bordeaux (52) Marouane Chamakh
24%
127 54 Lecce (29) & AS Roma (25) Mirko Vučinić
24%
29 100 VfB Stuttgart (39) & Schalke 04 (61) Kevin Kuranyi
23%
35 95 Werder Bremen (77), Schalke 04 (14), Hamburger SV (3) & MSV Duisburg (1) Aílton
22%
137 52 1. FC Köln (4), Bayer 04 Leverkusen (32), Liverpool (5) & Hertha BSC Berlin (11) Andriy Voronin
22%
39 91 Mallorca (9), Deportivo La Coruña (78), Livorno (1) & West Ham United (3) Diego Tristán
20%
102 61 Werder Bremen (49), FC Nantes (6) & Bolton Wanderers (6) Ivan Klasnić
20%
47 85 Southampton (63), Everton (13) & Stoke City (9) James Beattie
20%
51 84 AS Roma (78), Fulham (2) & UC Sampdoria (4) Vincenzo Montella
19%
43 89 ES Troyes (8), RC Strasbourg Alsace (21) & Olympique Marseille (60) Mamadou Niang
18%
18 116 Espanyol (116) Raúl Tamudo
18%
119 57 Southampton (8) & Bolton Wanderers (49) Kevin Davies
17%
89 67 Bayer 04 Leverkusen (40) & Borussia Mönchengladbach (27) Oliver Neuville
17%
32 99 Lecce (21), Torino FC (10), Livorno (64) & Parma (4) Cristiano Lucarelli
15%
71 73 Juventus (10) & Real Sociedad (63) Darko Kovačević
15%
91 66 Schalke 04 (66) Ebbe Sand
14%
63 75 Real Sociedad (57) & Villarreal (18) Nihat Kahveci
14%
82 70 Olympique Lyonnais (57) & Villarreal (13) Sonny Anderson
14%
119 57 SSC Napoli (1), Chievo Verona (17), Palermo (23) & Juventus (16) Amauri
13%
137 52 Cagliari Calcio (44) & Inter Milan (8) David Suazo
13%
91 66 ACF Fiorentina (32), SS Lazio (2) & Siena (32) Enrico Chiesa
13%
137 52 FC Girondins de Bordeaux (12), Parma (9) & Werder Bremen (31) Johan Micoud
13%
119 57 Middlesbrough (18) & Siena (39) Massimo Maccarone
13%
58 79 Borussia Dortmund (2), Hamburger SV (66) & Bayer 04 Leverkusen (11) Sergej Barbarez
13%
60 78 Deportivo La Coruña (32), Mallorca (13), Birmingham City (6), Espanyol (8) & Osasuna (19) Wálter Pandiani
13%
115 58 Espanyol (26) & Atlético Madrid (32) Maxi Rodríguez
12%
114 59 1. FC Nuremberg (8) & VfB Stuttgart (51) Cacau
11%
45 86 Empoli (17) & SS Lazio (69) Tommaso Rocchi
11%
86 69 Borussia Dortmund (47), Zaragoza (20), VfB Stuttgart (1) & Espanyol (1) Ewerthon
10%
91 66 Zaragoza (10), Parma (9), Espanyol (12), Celta Vigo (14) & Osasuna (21) Savo Milošević
10%
102 61 Chievo Verona (10), SS Lazio (20), Valencia (3), Parma (15), Manchester City (3) & Reggina (10) Bernardo Corradi
9%
119 57 Perugia (9), Juventus (8), ACF Fiorentina (12) & Palermo (28) Fabrizio Miccoli
9%
115 58 Lecce (30), AS Monaco (20) & Sevilla (8) Javier Chevantón
9%
99 63 TSV 1860 Munich (43) & Hansa Rostock (20) Martin Max
9%
82 70 VfL Wolfsburg (57), Borussia Dortmund (6) & VfL Bochum (7) Diego Klimowicz
8%
53 82 AC Perugia (8), SSC Napoli (10), Como (6), Modena (5), Messina (5), Reggina (40), Torino FC (4) & Parma (4) Nicola Amoruso
8%
127 54 Chievo Verona (54) Sergio Pellissier
8%
115 58 Brescia (17), Piacenza (38) & Perugia (3) Dario Hübner
7%
134 53 Celta Vigo (17) & Real Betis (36) Edú
7%
63 75 Atalanta (67), UC Sampdoria (6) & Mallorca (2) Cristiano Doni
6%
137 52 Aston Villa (35) & Manchester City (17) Darius Vassell
6%
127 54 VfB Stuttgart (6), Eintracht Frankfurt (42) & 1. FC Kaiserslautern (6) Ioannis Amanatidis
6%
102 61 Valencia (8), Real Betis (32), AC Milan (3) & Zaragoza (18) Ricardo Oliveira
6%
63 75 Stade Rennais (7), AS Monaco (57), AS Roma (4) & Blackburn Rovers (7) Shabani Nonda
6%
102 61 Málaga (10), Mallorca (23), Deportivo La Coruña (27) & Newcastle United (1) Albert Luque
5%
134 53 CS Sedan-Ardennes (22), Wolverhampton Wanderers (7), Southampton (4) & Wigan Athletic (20) Henri Camara
5%
57 80 Olympique Marseille (3), Hertha BSC Berlin (65) & VfL Wolfsburg (12) Marcelinho Paraíba
5%
110 60 Real Valladolid (21) & Villarreal (39) Víctor Fernández
5%
96 64 Udinese (23), Reggina (15), Palermo (16), Torino FC (6) & West Ham United (4) David Di Michele
4%
137 52 Athletic Bilbao (52) Joseba Etxeberria
4%
119 57 Stade Rennais (18), AS Saint-Étienne (22), AS Monaco (12), Olympique Lyonnais (2) & Portsmouth (3) Frédéric Piquionne
3%
69 74 Athletic Bilbao (74) Ismael Urzaiz
3%
47 85 RC Strasbourg Alsace (13), Olympique Lyonnais (33), Olympique Marseille (10), AJ Auxerre (10) & Paris Saint-Germain (19) Péguy Luyindula
3%
127 54 VfL Wolfsburg (11), Málaga (9), Celta Vigo (28) & Murcia (6) Fernando Baiano
2%
137 52 RC Lens (24), Stade Rennais (22) & Portsmouth (6) John Utaka
2%
95 65 FC Nantes (28), OGC Nice (19) & Lorient (18) Marama Vahirua
2%
89 67 FC Sochaux-Montbéliard (17), RC Strasbourg Alsace (19), Olympique Marseille (14) & Stade Rennais (17) Mickaël Pagis
2%
88 68 FC Sochaux-Montbéliard (40), Olympique Lyonnais (7), RC Lens (5), Paris Saint-Germain (4) & Lille OSC (12) Pierre-Alain Frau
2%
125 56 Racing Santander (11), Valencia (5), Málaga (29), Atlético Madrid (7) & Levante (4) Salva Ballesta
2%
110 60 RC Lens (34), Toulouse (21), Grenoble (4) & US Boulogne (1) Daniel Moreira
1%
110 60 Lorient (19), FC Girondins de Bordeaux (37) & Valenciennes (4) Jean-Claude Darcheville
1%
145 51 HSC Montpellier (9), Stade Rennais (12), FC Metz (12), Olympique Marseille (10), AJ Auxerre (1) & RC Lens (7) Toifilou Maoulida
1%
119 57 FC Nantes (12), Stade Rennais (34), RC Lens (9) & Lorient (2) Olivier Monterrubio
0%
148 50 FC Girondins de Bordeaux (9), Lorient (6) & AS Saint-Étienne (35) Pascal Feindouno
0%
No matching quizzes found
Score Distribution
Percent of People with Each Score
Percentile by Number Answered
Your Score History
You have not taken this quiz since the last reset